| 000 | 00654cam a22002413a 4500 | ||
|---|---|---|---|
| 001 | 25038 | ||
| 003 | PGUSA | ||
| 005 | 20140828083535.0 | ||
| 008 | 080411s2008||||xxu|||||s|||||000 1 eng d | ||
| 040 |
_aPGUSA _beng |
||
| 042 | _adc | ||
| 050 | 4 | _aPE | |
| 100 | 1 |
_aWallace, Edgar, _d1875-1932 |
|
| 245 | 1 | 0 |
_aTam o' the Scoots _h[electronic resource] / _cEdgar Wallace |
| 260 |
_bProject Gutenberg, _c2008 |
||
| 506 | _aPublic domain in the USA. | ||
| 516 | _aElectronic text | ||
| 653 | _aWar | ||
| 653 | _aWorld War, 1914-1918 -- Fiction | ||
| 830 | 0 |
_aProject Gutenberg _v25038 |
|
| 856 | 4 | 0 | _uhttp://www.gutenberg.org/ebooks/25038 |
| 942 | _cEB | ||
| 999 |
_c254293 _d254293 |
||